Die Schlacht am Weißen Berg
| Titel: | Die Schlacht am Weißen Berg : Das tschechische Trauma |
|---|---|
| Verfasser: | |
| In: |
Damals, Band 35, Heft 5 (2003), Seite 30-35, Abb. alle Artikel anzeigen |
| Veröffentlicht: | 2003 |
| Format: | Aufsatz |
| Sprache: | Deutsch |
X
alg: 39169698 001A $01999:11-11-16 001B $01999:29-03-21 $t21:46:09.000 001C $06050:19-11-16 $t09:16:17.000 001D $01999:11-11-16 001U $0utf8 001X $00 002@ $0Aox 003@ $039169698X 007A $039169698X $aHEB 007T $0Herd79972 010@ $ager 011@ $a2003 021A $aDie @Schlacht am Weißen Berg $dDas tschechische Trauma 028A $#Bahlcke, J. $7122489845 $8Bahlcke, Joachim$Z1963- [Tp3] $9153644141 031A $d35 $e5 $h30-35, Abb. $j2003 039B $aIn $8--Abvc--. Damals. - Leinfelden-Echterdingen : Konradin, 1969-. - ISSN 0011-5908 $x200300000350005970 $9047713682 045F $a900.9437109032 $eDDC23BSB 045F/01 $a900 045F/03 $f09032 045F/03 $f9033 045F/03 $f9034 045F/03 $g4371 045T $a8 lok: 39169698 78 exp: 39169698 78 1 #EPN 201B/01 $026-11-17 $t00:49:39.000 201U/01 $0utf8 203@/01 $0787791687 208@/01 $a11-11-16 $be 209A/01 $a/ $f000 $x00 220C/01 $aTitelaufnehmer: nk 244Z/01 $#Tschechien $#Tschechische Republik $#Tschechische Republik $#Tschechenland $#Tschechei Tschechien $#Česká Republika $#Czech Republic $#ČR $74303381-7 $8--Tg1--Tschechien $x01 $9086659812 244Z/01 $2Trx $#Böhmen $#Bohemia $#Czechy $8--Trx--Čechy $x02 $9391188941 244Z/01 $2Trx $#Prag-Weißer Berg $#Weißer Berg $#Bílá Hora $8--Trx--Praha-Bílá Hora $x03 $9391299654 244Z/01 $aGeschichte 1618-1621 $x04 244Z/01 $2Trx $#Valge mägi, lahing 1620 $#Baltojo Kalno mūšis ? 1620 $#battle of White Mountain 1620 $#fehér hegyi csata 1620 $#bitwa pod Białą Górą 1620 $#bitka na Bielej hore 1620 $#bitva na Bílé hoře 1620 $8--Trx--Weißen Berg, Schlacht am$g1620 $x05 $9391373390 244Z/01 $2Trx $#seisused Böömimaa $#Čekijos valstybė $#Estates Bohemia $#rendek Bohémia $#stany czeskie $#stavy zemské Čechy $#stavy zemské Čechy $8--Trx--Stände$gBöhmen $x06 $9391359029 244Z/01 $2Trx $8--Trx--Zeitschriftenaufsatz $x07 $9391384341 245Z/01 $a06.03.03 $x01 247C/01 $82080>Marburg/Lahn, Herder-Institut, Forschungsbibliothek, Bibliographieportal $9336309341
| LEADER | 00000caa a22000002c 4500 | ||
|---|---|---|---|
| 001 | 39169698X | ||
| 003 | DE-603 | ||
| 005 | 20210329214609.0 | ||
| 007 | tu | ||
| 008 | 161111s2003 xx |||| | u00||u|ger c | ||
| 035 | |a (DE-599)HEB39169698X | ||
| 040 | |a DE-603 |b ger |c DE-603 |d DE-603 | ||
| 041 | |a ger | ||
| 082 | 0 | 4 | |8 1\u |a 900.9437109032 |q DE-101 |2 23/BSB |
| 084 | |a 8 |2 ssgn | ||
| 085 | |8 1\u |b 900 | ||
| 085 | |8 1\u |z 1 |s 09032 | ||
| 085 | |8 1\u |z 1 |s 9033 | ||
| 085 | |8 1\u |z 1 |s 9034 | ||
| 085 | |8 1\u |z 2 |s 4371 | ||
| 100 | 1 | |a Bahlcke, Joachim |d 1963- |0 (DE-603)153644141 |0 (DE-588)122489845 |2 gnd | |
| 245 | 0 | 0 | |a Die Schlacht am Weißen Berg |b Das tschechische Trauma |
| 264 | 0 | |c 2003 | |
| 773 | 0 | 8 | |i In |t Damals |d Leinfelden-Echterdingen : Konradin, 1969- |h 28 cm |x 0011-5908 |g Band 35, Heft 5 (2003), Seite 30-35, Abb. |w (DE-603)047713682 |w (DE-600)512126-7 |
| 924 | 0 | |9 2080 |a (DE-603)787791687 |b DE-2080 |c HES |d d |g / | |


